| 000 | 00447nam a2200145Ia 4500 | ||
|---|---|---|---|
| 008 | 180907s9999||||xx |||||||||||||| ||und|| | ||
| 020 | _a9.7811389562e+012 | ||
| 082 |
_a791.433 _bDIN/F |
||
| 100 | _aDinur, Eran | ||
| 245 | 4 | _aThe Filmmaker's Guide to Visual Effects: The Art and Techniques of VFX for Directors, Producers, Editors, and Cinematographers | |
| 250 | _a1st Edition | ||
| 260 |
_aNY _bRoutledge _c2017 |
||
| 300 | _a191p. | ||
| 942 | _cBK | ||
| 999 |
_c3055 _d3055 |
||